000 00519nam a2200193Ia 4500
005 20240823042453.0
008 240823s9999||||xx |||||||||||||| ||und||
020 _a81-203-2145-6
041 _aENGLISH
082 _A006.7 P2
100 _aRao K R [et al]
245 0 _a"Multimedia Communication Systems : Techniques,Standards and Networks"
250 _a1st
260 _c2002
_b"PHI,New "
_aNew Delhi
500 _aTRANSFERED
650 _aMultimedia
_bInformation Technology
942 _cBK
999 _c207939
_d207939